KOHA-Header-6

Wireless Communications and Networking (Record no. 9614)

000 -LEADER
fixed length control field 00281nam a2200109Ia 4500
100 ## - MAIN ENTRY--AUTHOR NAME
Personal name Weihua Zhuang
245 #0 - TITLE STATEMENT
Title Wireless Communications and Networking
260 ## - PUBLICATION, DISTRIBUTION, ETC. (IMPRINT)
Place of publication New York
Name of publisher Tata McGraw Hill
Year of publication 2004
300 ## - PHYSICAL DESCRIPTION
Number of Pages 529
942 ## - ADDED ENTRY ELEMENTS (KOHA)
Koha item type Books
Holdings
Withdrawn status Lost status Collection code Permanent Location Current Location Shelving location Date acquired Full call number Accession Number Koha item type
    Electrical Engineering MAJU MAJU Shelf No.A25 2019-09-14 5.133 5471 Electrical Engineering

Powered by Koha